Govt. of
Madhya Pradesh

Outlook Traveller (Record no. 14605)

MARC details
000 -LEADER
fixed length control field 004620000a22001930004500
001 - CONTROL NUMBER
control field 002696
003 - CONTROL NUMBER IDENTIFIER
control field MACL
005 - DATE AND TIME OF LATEST TRANSACTION
control field 20151003154926.0
008 - FIXED-LENGTH DATA ELEMENTS--GENERAL INFORMATION
fixed length control field 151003b xxu||||| |||| 00| 0 eng d
040 ## - CATALOGING SOURCE
Original cataloging agency MACL
Transcribing agency MACL
041 ## - LANGUAGE CODE
Language code of text/sound track or separate title English
082 ## - DEWEY DECIMAL CLASSIFICATION NUMBER
Classification number 910
100 ## - MAIN ENTRY--PERSONAL NAME
Personal name Outlook,
9 (RLIN) 13535
245 ## - TITLE STATEMENT
Title Outlook Traveller
Remainder of title Kerela With Lakshwadeep
Statement of responsibility, etc. Outlook
260 ## - PUBLICATION, DISTRIBUTION, ETC. (IMPRINT)
Place of publication, distribution, etc. Mumbai
Date of publication, distribution, etc. 2005
Name of publisher, distributor, etc. Outlook,
350 ## - PRICE (NR) (BK AM CF MU VM SE) [OBSOLETE]
Price 225
650 ## - SUBJECT ADDED ENTRY--TOPICAL TERM
Topical term or geographic name as entry element Travel
9 (RLIN) 13536
942 ## - ADDED ENTRY ELEMENTS (KOHA)
Call number prefix 910
Koha item type Books
Source of classification or shelving scheme
Holdings
Withdrawn status Lost status Source of classification or shelving scheme Damaged status Not for loan Home library Current library Date acquired Cost, normal purchase price Full call number Barcode Date last seen Uniform Resource Identifier Price effective from Koha item type
          MACL MACL 15/04/2015 225.00 910 CRE019827 02/05/2024 14491 15/04/2015 Books